How the other half lives : (Record no. 352667)
[ view plain ]
| 000 -LEADER | |
|---|---|
| fixed length control field | 01780 a2200253 4500 |
| 003 - CONTROL NUMBER IDENTIFIER | |
| control field | OSt |
| 005 - DATE AND TIME OF LATEST TRANSACTION | |
| control field | 20180116192341.0 |
| 008 - FIXED-LENGTH DATA ELEMENTS--GENERAL INFORMATION | |
| fixed length control field | 120525t xxu||||| |||| 00| 0 eng d |
| 010 ## - LIBRARY OF CONGRESS CONTROL NUMBER | |
| LC control number | 2009043594 |
| 020 ## - INTERNATIONAL STANDARD BOOK NUMBER | |
| International Standard Book Number | 9780674049321 (pbk.) |
| 040 ## - CATALOGING SOURCE | |
| Transcribing agency | 0 |
| 082 00 - DEWEY DECIMAL CLASSIFICATION NUMBER | |
| Classification number | 305.569 |
| 100 1# - MAIN ENTRY--PERSONAL NAME | |
| Personal name | Riis, Jacob A. |
| 9 (RLIN) | 2263 |
| 245 10 - TITLE STATEMENT | |
| Title | How the other half lives : |
| Remainder of title | studies among the tenements of New York / |
| Statement of responsibility, etc. | Jacob A. Riis ; edited by Sam Bass Warner ; introduction by Alan Trachtenberg. |
| 260 ## - PUBLICATION, DISTRIBUTION, ETC. | |
| Place of publication, distribution, etc. | Cambridge, Mass. : |
| Name of publisher, distributor, etc. | Belknap Press of Harvard University Press, |
| Date of publication, distribution, etc. | c2010. |
| 300 ## - PHYSICAL DESCRIPTION | |
| Extent | 150 p.: |
| Other physical details | ill.; |
| Dimensions | 18cm. |
| 500 ## - GENERAL NOTE | |
| General note | Originally published by same publisher in 1970, with the addition of an introduction, chronology of Riis's life, and a selected bibliography. |
| 500 ## - GENERAL NOTE | |
| General note | Wherever possible, the engravings based on the Riis's originals that were included in the 1970 ed. are replaced by Riis's original photographs. |
| 505 0# - FORMATTED CONTENTS NOTE | |
| Formatted contents note | Genesis of the tenement -- The awakening -- The mixed crowd -- The down town back-alleys -- The italian in New York -- The bend -- A raid on the stale-beer dives -- The cheap lodging-houses -- Chinatown -- Jewtown -- The sweaters of Jewtown -- The Bohemians-tenement-house cigarmaking -- The color line in New York -- The common herd -- The problem of the children -- Waifs of the city's slums -- The street Arab -- The reign of rum -- The harvest of tares -- The working girls of New York -- Pauperism in the tenements -- The wrecks and the waste -- The man with the knife -- What has been done -- How the case stands. |
| 650 #0 - SUBJECT ADDED ENTRY--TOPICAL TERM | |
| Topical term or geographic name entry element | Tenement houses |
| Geographic subdivision | New York (State) |
| -- | New York. |
| 9 (RLIN) | 2264 |
| 650 #0 - SUBJECT ADDED ENTRY--TOPICAL TERM | |
| Topical term or geographic name entry element | Poor |
| Geographic subdivision | New York (State) |
| -- | New York. |
| 9 (RLIN) | 2265 |
| 942 ## - ADDED ENTRY ELEMENTS (KOHA) | |
| Institution code [OBSOLETE] | SADA |
| Koha item type | Book |
| Call number prefix | 305.569 RII 2010 |
| Source of classification or shelving scheme | |
| Withdrawn status | Lost status | Source of classification or shelving scheme | Damaged status | Not for loan | Permanent Location | Current Location | Date acquired | Total Checkouts | Full call number | Barcode | Date last seen | Date last checked out | Cost, replacement price | Price effective from | Koha item type |
|---|---|---|---|---|---|---|---|---|---|---|---|---|---|---|---|
| School of Art Design and Architecture (SADA) | School of Art Design and Architecture (SADA) | 03/11/2011 | 1 | 305.569 RII 2010 | SADA0000664 | 05/21/2013 | 05/15/2013 | 1005.00 | 08/05/2011 | Book |
